[Event "GER-chT U18 Girls"]
[White "Koenig, Isabel"]
[Black "Zelbel, Jacqueline"]
[Site "Germany"]
[Round "2.1"]
[Result "1/2-1/2"]
[Date "2012.05.04"]
[WhiteElo "1099"]
[BlackElo "1255"]
[PlyCount "130"]
[EventDate "2012.05.04"]
[EventType "team-swiss"]
[EventRounds "7"]
[EventCountry "GER"]
[SourceTitle "EXT 2014"]
[Source "ChessBase"]
[SourceDate "2013.11.20"]
[SourceVersion "1"]
[SourceVersionDate "2013.11.20"]
[SourceQuality "1"]
[WhiteTeam "Altenholz Gymn (W)"]
[BlackTeam "Dortmund Kleiner Koenig (W)"]
[WhiteTeamCountry "GER"]
[BlackTeamCountry "GER"]

1. d4 d5 2. c4 e6 3. Nf3 c5 4. Bg5 Be7 5. Bxe7 Qxe7 6. e3 Nf6 7. Nc3 0-0 8. Rc1 Nc6 9. Bd3 Bd7 10. 0-0 Rac8 11. a3 Rfe8 12. b4 b6 13. Re1 cxb4 14. cxd5 exd5 15. axb4 Qxb4 16. Nb5 a6 17. Rb1 Qe7 18. Nc3 b5 19. Ng5 h6 20. Nf3 Bg4 21. Be2 Nb4 22. Rc1 Qd6 23. Ne5 Bxe2 24. Qxe2 Nc6 25. Nd3 Nd7 26. Ra1 Ra8 27. Reb1 b4 28. Nd1 Nxd4 29. Qb2 Nc6 30. Nxb4 Nxb4 31. Qxb4 Qxb4 32. Rxb4 Nc5 33. Nc3 Red8 34. Kf1 Kf8 35. Ke2 Ke7 36. Ra5 Kd6 37. Rb6+ Kc7 38. Rb2 Kc6 39. Kf3 g6 40. e4 dxe4+ 41. Nxe4 Nxe4 42. Kxe4 Re8+ 43. Kf4 Kd6 44. Rb6+ Kd7 45. Rbxa6 Rxa6 46. Rxa6 Re2 47. Ra7+ Ke8 48. Kf3 Re7 49. Ra8+ Kd7 50. Ra7+ Ke8 51. Ra4 g5 52. h4 f5 53. hxg5 hxg5 54. Ra5 Rf7 55. Ke3 Re7+ 56. Kd4 Re4+ 57. Kd3 Rf4 58. Re5+ Kf7 59. Ke3 Kf6 60. Re8 Kf7 61. Rh8 Rh4 62. Rxh4 gxh4 63. Kf4 Kg6 64. Ke3 Kg5 65. Kf3 f4 1/2-1/2

[Event "GER-chT U18 Girls"]
[White "Zelbel, Jacqueline"]
[Black "Heinemann, Josefine"]
[Site "Germany"]
[Round "3.1"]
[Result "0-1"]
[Date "2012.05.04"]
[WhiteElo "1255"]
[BlackElo "1850"]
[PlyCount "80"]
[EventDate "2012.05.04"]
[EventType "team-swiss"]
[EventRounds "7"]
[EventCountry "GER"]
[SourceTitle "EXT 2014"]
[Source "ChessBase"]
[SourceDate "2013.11.20"]
[SourceVersion "1"]
[SourceVersionDate "2013.11.20"]
[SourceQuality "1"]
[WhiteTeam "Dortmund Kleiner Koenig (W)"]
[BlackTeam "Magdeburg WvSG (W)"]
[WhiteTeamCountry "GER"]
[BlackTeamCountry "GER"]

1. e4 c5 2. c3 d5 3. exd5 Qxd5 4. d4 Nf6 5. Nf3 Bg4 6. Be2 Nc6 7. dxc5 Qxc5 8. Be3 Qd5 9. Qxd5 Nxd5 10. Bd4 Nxd4 11. Nxd4 Bxe2 12. Nxe2 g6 13. 0-0 Bg7 14. Nd2 0-0 15. Rad1 Rfd8 16. Nb3 Rac8 17. Rfe1 e6 18. Ng3 Nb6 19. Rxd8+ Rxd8 20. Nc5 Rd2 21. Rb1 Nc4 22. Na4 b5 23. Ne4 Re2 24. Nac5 Rxb2 25. Rxb2 Nxb2 26. Kf1 Nc4 27. Ke2 Kf8 28. Kd3 Ke7 29. Nb3 f5 30. Ng5 h6 31. Nf3 Ne5+ 32. Nxe5 Bxe5 33. h3 Bc7 34. c4 bxc4+ 35. Kxc4 Kd6 36. f3 Bb6 37. Kd3 Ke5 38. Nd2 Kf4 39. Nf1 Ba5 40. g3+ Kxf3 0-1

[Event "Dortmund op-B"]
[White "Huebel, Carsten"]
[Black "Zelbel, Jacqueline"]
[Site "Dortmund"]
[Round "7"]
[Result "1/2-1/2"]
[Date "2009.07.10"]
[WhiteElo "1270"]
[BlackElo "1040"]
[PlyCount "99"]
[EventDate "2009.07.04"]
[EventType "swiss"]
[EventRounds "9"]
[EventCountry "GER"]
[SourceTitle "EXT 2012"]
[Source "ChessBase"]
[SourceDate "2011.11.24"]
[SourceVersion "1"]
[SourceVersionDate "2011.11.24"]
[SourceQuality "1"]

1. c4 e5 2. g3 Nf6 3. Bg2 Nc6 4. Nf3 Bc5 5. 0-0 0-0 6. d3 Re8 7. Nc3 d6 8. Bg5 h6 9. Bxf6 Qxf6 10. Ne4 Qe7 11. Nxc5 dxc5 12. e3 Rd8 13. Qb3 Rb8 14. Rad1 Bg4 15. Rd2 Qf6 16. Ne1 Be6 17. Qc3 Bf5 18. f4 e4 19. Qxf6 gxf6 20. a3 exd3 21. e4 Be6 22. b3 Nd4 23. Rxd3 Ne2+ 24. Kf2 Rxd3 25. Nxd3 Nd4 26. f5 Bc8 27. b4 cxb4 28. axb4 b5 29. c5 Nc6 30. Rb1 Ne5 31. Nf4 Bb7 32. h3 Nc6 33. Nd5 Rc8 34. Nxf6+ Kg7 35. Nd5 Ne5 36. f6+ Kf8 37. Ne7 Rd8 38. Ke2 Rd4 39. Rd1 Rxd1 40. Kxd1 Nd3 41. Nd5 Bxd5 42. exd5 Nxb4 43. Kd2 Ke8 44. Kc3 a5 45. Bf1 Nxd5+ 46. Kd4 c6 47. Bxb5 cxb5 48. Kxd5 Kd7 49. c6+ Kc7 50. Kc5 1/2-1/2

[Event "NRW-ch U16 Girls"]
[White "Schoenfeld, Berenike"]
[Black "Zelbel, Jacqueline"]
[Site "Kranenburg"]
[Round "6"]
[Result "1-0"]
[Date "2008.03.28"]
[WhiteElo "1166"]
[BlackElo "806"]
[PlyCount "39"]
[EventDate "2008.03.24"]
[EventType "swiss"]
[EventRounds "7"]
[EventCountry "GER"]
[SourceTitle "EXT 2009"]
[Source "ChessBase"]
[SourceDate "2008.11.26"]
[SourceVersion "1"]
[SourceVersionDate "2008.11.26"]
[SourceQuality "1"]

1. e4 e5 2. Nf3 Nc6 3. Bb5 d6 4. Nc3 Nf6 5. d3 Bd7 6. Be3 Qe7 7. a3 0-0-0 8. d4 a6 9. Ba4 Rg8 10. h3 h6 11. d5 Nb8 12. Bxd7+ Nbxd7 13. Qd3 Nc5 14. Qc4 Qd7 15. a4 Qe7 16. b4 b5 17. axb5 axb5 18. Nxb5 Ncxe4 19. Bb6 Ne8 20. Ra7 1-0

[Event "NRW-ch U16 Girls"]
[White "Norget, Julia"]
[Black "Zelbel, Jacqueline"]
[Site "Kranenburg"]
[Round "3"]
[Result "1-0"]
[Date "2008.03.25"]
[WhiteElo "1020"]
[BlackElo "806"]
[PlyCount "101"]
[EventDate "2008.03.24"]
[EventType "swiss"]
[EventRounds "7"]
[EventCountry "GER"]
[SourceTitle "EXT 2009"]
[Source "ChessBase"]
[SourceDate "2008.11.26"]
[SourceVersion "1"]
[SourceVersionDate "2008.11.26"]
[SourceQuality "1"]

1. e4 e5 2. Nf3 Nc6 3. Bb5 d6 4. Bxc6+ bxc6 5. Nc3 d5 6. Nxe5 Qe7 7. d4 f6 8. Nxc6 Qe6 9. Na5 Bb4 10. Nb3 Qxe4+ 11. Qe2 Qxe2+ 12. Kxe2 Bxc3 13. bxc3 Ne7 14. Re1 0-0 15. Kf1 Ba6+ 16. Kg1 Rfe8 17. Ba3 Kf7 18. Nc5 Bb5 19. Rab1 Ng6 20. Nd3 Rxe1+ 21. Rxe1 Re8 22. Rb1 Bxd3 23. cxd3 Nf4 24. Kf1 Nxd3 25. g3 Rc8 26. Rd1 Nxf2 27. Kxf2 c6 28. Re1 Rc7 29. Ke2 Rc8 30. Kd3 Re8 31. Rxe8 Kxe8 32. c4 g6 33. cxd5 cxd5 34. Bc5 a6 35. a4 Kd7 36. Ke3 h5 37. Kf4 Ke6 38. h3 g5+ 39. Kf3 f5 40. g4 hxg4+ 41. hxg4 f4 42. Ke2 Kd7 43. Kf3 Ke6 44. Bb4 Kf6 45. Bd2 Kg6 46. Bxf4 gxf4 47. Kxf4 a5 48. Ke5 Kg5 49. Kxd5 Kxg4 50. Ke6 Kg5 51. d5 1-0

[Event "Dortmund op-B"]
[White "Zelbel, Jacqueline"]
[Black "Huebben, Dominik"]
[Site "Dortmund"]
[Round "6"]
[Result "0-1"]
[Date "2007.06.28"]
[WhiteElo "754"]
[BlackElo "1199"]
[PlyCount "128"]
[EventDate "2007.06.22"]
[EventType "swiss"]
[EventRounds "9"]
[EventCountry "GER"]
[SourceTitle "EXT 2008"]
[Source "ChessBase"]
[SourceDate "2007.11.25"]
[SourceVersion "1"]
[SourceVersionDate "2007.11.25"]
[SourceQuality "1"]

1. e4 Nf6 2. Nc3 d5 3. f3 d4 4. Nce2 e5 5. c3 Nc6 6. cxd4 Nxd4 7. Nxd4 Qxd4 8. Ne2 Qb6 9. Nc3 Bd7 10. Bc4 Bc5 11. Qb3 Qxb3 12. Bxb3 0-0 13. Bd5 Nxd5 14. Nxd5 c6 15. Nc3 f5 16. d3 h6 17. h3 Be6 18. Bd2 Rad8 19. Ke2 Rd7 20. Be3 Bxe3 21. Kxe3 Rfd8 22. Rhd1 c5 23. b3 g5 24. g4 fxg4 25. hxg4 Rf7 26. Rh1 Kg7 27. Rac1 Rdf8 28. Rcf1 Bxg4 29. Rh2 Rxf3+ 30. Rxf3 Rxf3+ 31. Kd2 h5 32. Nd1 Bh3 33. Nf2 g4 34. Nxh3 Rxh3 35. Rg2 g3 36. Ke2 Kg6 37. Kf3 h4 38. a4 Rh2 39. Rxh2 gxh2 40. Kg2 Kg5 41. Kxh2 Kf4 42. Kh3 Ke3 43. Kxh4 Kxd3 44. Kg3 Kxe4 45. Kf2 Kd3 46. Ke1 Ke3 47. a5 e4 48. Kd1 Kf2 49. Kd2 e3+ 50. Kc3 e2 51. Kc4 e1Q 52. Kxc5 Qxa5+ 53. Kc4 b5+ 54. Kd4 Qc7 55. b4 Qc4+ 56. Ke5 Kf3 57. Kf5 Qe4+ 58. Kg5 Qf4+ 59. Kh5 Qg4+ 60. Kh6 Kf4 61. Kh7 Qg5 62. Kh8 Kf5 63. Kh7 Kf6 64. Kh8 Qg7# 0-1

[Event "Dortmund op-B"]
[White "Zelbel, Jacqueline"]
[Black "Volesky, Alexander"]
[Site "Dortmund"]
[Round "1"]
[Result "0-1"]
[Date "2007.06.22"]
[WhiteElo "754"]
[BlackElo "1620"]
[PlyCount "98"]
[EventDate "2007.06.22"]
[EventType "swiss"]
[EventRounds "9"]
[EventCountry "GER"]
[SourceTitle "EXT 2008"]
[Source "ChessBase"]
[SourceDate "2007.11.25"]
[SourceVersion "1"]
[SourceVersionDate "2007.11.25"]
[SourceQuality "1"]

1. e4 e6 2. d4 d5 3. exd5 exd5 4. Nc3 Bb4 5. Bd2 Ne7 6. Nf3 Bg4 7. h3 Bf5 8. a3 Bd6 9. Be2 Nbc6 10. 0-0 Qd7 11. Bb5 f6 12. Re1 0-0-0 13. Kf1 h5 14. b4 g5 15. Be3 g4 16. Ng1 gxh3 17. Nxh3 Bxh3 18. gxh3 Qxh3+ 19. Ke2 Qg4+ 20. f3 Qg2+ 21. Kd3 Qg6+ 22. Kd2 Qf7 23. Kc1 h4 24. Bxc6 Nxc6 25. b5 Na5 26. a4 h3 27. f4 Rdg8 28. Kb2 Nc4+ 29. Kb3 h2 30. a5 Nxe3 31. Qe2 Nf5 32. b6 Nxd4+ 33. Kb2 Nxe2 34. Nxe2 axb6 35. axb6 cxb6 36. c3 Kc7 37. Nd4 Rg2+ 38. Kb3 Re8 39. Nb5+ Kc6 40. Nd4+ Kd7 41. Red1 Qh5 42. f5 Qxd1+ 43. Rxd1 Rg1 44. Rd2 h1Q 45. Rc2 Rb1+ 46. Rb2 Qd1+ 47. Nc2 Rxb2+ 48. Kxb2 Re2 49. Kb3 Qxc2# 0-1